02647 2200409 4500001002100000005001500021035002000036003002000056006001800076007000300094008004100097020002200138040002200160082001200182084001800194090002400212100003600236245019600272250002000468264003600488300005200524336002100576337003000597338002300627504003400650650002200684700003900706700002900745700002600774700002500800700002700825700003000852850001200882999002400894520130200918990001702220INLIS00000000105495220260428081019 a0010-0426000069CB D.1120200aa grb 000 0ta260428 g 0 ind  a978-623-7267-41-6 aJKPNPNAbinderda a631.584 a631.584 BEN p aCB-D.11 2020-0237110 aBenito Heru PurwantoePengarang1 aPertanian organik :bsolusi pertanian berkelanjutan /cBenito Heru Purwanto, Sri Nuryani Hidayah Utami, Didik Indradewa, Edhi Martono ; editor, Edhi Martono, Suci Handayani, Jesicca Deviyanti aCetakan 1, 2020 aSleman :bLily Publisher,c2020 axiv, 290 halaman :bilustrasi berwarna ;c23 cm 2rdacontentateks 2rdamediaatanpa perantara 2rdacarrieravolume aBibliografi : halaman 271-273 4aPertanian organik0 aSri Nuryani Hidayah Utamiepenulis0 aDidik Indradewaepenulis0 aEdhi Martonoepenulis0 aEdhi Martonoeeditor0 aSuci Handayanieeditor0 aJesicca Deviyantieeditor aJKPNPNA aCB-D.11 2020-023711 aPenurunan kualitas lahan pertanian terutama karena kerusakan fisik dan kimiawi lahan serta penurunan keragaman hayati, memunculkan kekuatiran segolongan masyarakat akan terjadinya ketidakberlanjutan produksi pertanian akibat penerapan revolusi hijau. Inovasi teknologi budi daya pertanian khususnya padi sawah, sebagai upaya peningkatan produktivitas lahan melalui sistem pertanian yang berkelanjutan akhirnya mulai banyak diterapkan. Pertanian organik didefinisikan sebagai produksi tanaman, hewan, dan produk lainnya tanpa menggunakan pupuk kimia sintetis dan pestisida, spesies transgenik, atau antibiotik dan steroid peningkat pertumbuhan, atau bahan kimia lainnya. Pertanian organik dinilai sebagai sistem pertanian yang mampu menyediakan ketersediaan pangan secara berkelanjutan karena ramah lingkungan. Pertanian organik bukan hanya tren, tetapi adalah gaya hidup berkelanjutan yang memiliki banyak manfaat penting. Pertanian organik tidak identik dengan pertanian tradisional. Dalam menjalankan pertanian organik dituntut untuk menguasai ilmu pengetahuan dan teknologi. Di buku ini dipaparkan berbagai kontribusi pemikiran dari pakar Fakultas Pertanian UGM dari segi budi daya, tanah, pengelolaan tanah dan perlindungan tanaman dalam rangka mewujudkan pertanian yang berkelanjutan. a2022/HD/0406